000 01447nam a22003254a 4500
001 ebr10285503
003 CaPaEBR
006 m u
007 cr cn|||||||||
008 081027s2008 ne a s 100 0 eng
010 _z 2008940376
020 _z9781586039424 (hardcover)
040 _aCaPaEBR
_cCaPaEBR
035 _a(OCoLC)646807206
050 1 4 _aK212
_b.L39 2008eb
245 0 0 _aLaw, ontologies and the semantic web
_h[electronic resource] :
_bchannelling the legal information flood /
_cedited by Joost Breuker, Pompeu Casanovas, Michel C.A. Klein and Enrico Francesconi.
260 _aAmsterdam ;
_aWashington, DC :
_bIOS Press,
_cc2008.
300 _aviii, 241 p. :
_bill.
490 1 _aFrontiers in artificial intelligence and applications ;
_vv. 188
533 _aElectronic reproduction.
_bPalo Alto, Calif. :
_cebrary,
_d2013.
_nAvailable via World Wide Web.
_nAccess may be limited to ebrary affiliated libraries.
650 0 _aLaw
_xMethodology
_xData processing
_vCongresses.
650 0 _aLaw
_xLanguage
_vCongresses.
650 0 _aSemantics (Law)
_vCongresses.
650 0 _aSemantic Web
_vCongresses.
655 7 _aElectronic books.
_2local
700 1 _aBreuker, Joost.
710 2 _aebrary, Inc.
830 0 _aFrontiers in artificial intelligence and applications ;
_vv. 188.
856 4 0 _uhttp://site.ebrary.com/lib/rucke/Doc?id=10285503
_zAn electronic book accessible through the World Wide Web; click to view
999 _c1977
_d1977